=LDR 00000nam 2200000 4500 =001 INLIS000000000033294 =005 20130612135246 =008 ***********************************ind** =035 ##$$0010-061300000033294 =041 ##$$a ind =082 ##$$a 614.4 =090 ##$$a 614.4, Bus e =100 ##$$a Bustan, M.N =245 ##$$a Epi demiologi, Penyakit tidak menular, M.n Bustan =260 ##$$a 2007 $b Jakarta =300 ##$$a xi,221 hlm, 20 cm =650 ##$$a Epidemiologi =850 ##$$a NBPNMAT